01944 a2200193 45000010006000000050017000060080041000230030015000640400040000790800041001192450036001600200022001962640048002183000019002665051336002850410008016211000022016298560099016514933820260407155756.0260407a2010 arg spa dAR-UNSa-BCEJYS aAR-UNSa-BCEJYSbspacAR-UNSa-BCEJYS a347.737xGarantías autoliquidables10aLas garantías autoliquidables a978-987-30-0103-1 1aSanta Fe :bRubinzal-Culzoni Editoresc2010 a594 p.c22 cm. a1. Preliminares: Precisión terminológica - 2. Antecedentes históricos: Razones que impulsaron al legislador y a los operadores económicos a aceptar e incorporar las garantías autoliquidables al ordenamiento jurídico y tráfico negocial - 3. El proceso jurisdiccional como estructura que sirve de base para la ejecución patrimonial del deudor - 4. Aspectos que caracterizan a las garantías autoliquidables como especie alternativa de ejecución patrimonial. Potestades autoliquidativas que tiene el acreedor sobre el patrimonio del garante. Eficacia jurígena del principio de la autonomía voluntad en la creación y regulación de estas garantías - 5. Responsabilidad civil por los perjuicios producidos por el uso abusivo de las garantías autoejecutables. Mecanismos o instrumentos existentes en las diversas especies de estas garantías para prevenir la producción de daños antijurídicos al deudor con motivo de su utilización - 6. Proceso concursal y garantías autoliquidables - 7. Análisis de la doctrina, jurisprudencia y legislación extranjeras, con el fin de conocer el estado actual de las garantías autoejecutables en otros países - 8. Las garantías autoliquidables como medios de ejecución patrimonial. Estudio comparativo con las garantías ejecutables judicialmente.  aspa1 aBoretto, Mauricio41uhttps://www.biblioeco.unsa.edu.ar/pmb/images/libros/L128015.jpgyImagen de portadaqimage/jpeg